Langenscheidt Dicionário de bolso (Record no. 42708)

MARC details
000 -Etiqueta do registo
Valores 00458nam a2200169 4500
100 ## - Dados gerais de processamento
Dados gerais 20240220 pory50
101 ## - Língua de publicação
Língua ale
101 ## - Língua de publicação
Língua por
102 ## - País de publicação
País AL
200 ## - Titulo e menção de responsabilidade
Título próprio Langenscheidt Dicionário de bolso
Informação de outro título das Línguas Portuguesa e Alemã
-- T 1. : Português - Alemão
Primeira menção de responsabilidade Friedrich Irmen
210 ## - Publicação
Local de publicação Berlim
Nome do editor Langenscheidt
Data de publicação 1982
215 ## - Descrição física 
Paginação / Volumes 1246 , [2] p, 2 cols
675 ## - CDU
Notação (038)
801 ## - Fonte de origem
País PT
Regras de catalogação RPC
990 ## - Elementos KOHA
Tipo de documento Livro
Holdings
Aquisição Empréstimo Código de barras Cota Permissão de empréstimo Tipo de documento
Biblioteca Escolar Doutor Hernâni Cidade Biblioteca Escolar Doutor Hernâni Cidade 55969 038 AA.VV. DIC. LING. ALEMÃ   Livro
Biblioteca Escolar Doutor Hernâni Cidade Biblioteca Escolar Doutor Hernâni Cidade 55970 038 IRM DIC. POR. ALE. POR   Livro

Powered by Koha